000 00910nam a22002537a 4500
001 8001
003 FISKH
005 20250818144358.0
008 250818b cb ||||| |||| 00| 0 eng d
020 _a9780756607210
040 _aFISKH
_beng
_cFISKH
_dFISKH
050 _aQH95 .P37
082 _a591.909
100 _aParker, Steve
245 _aSeashore :
_bDiscover the world's coastal regions- and the creatures that live on the sand and sea /
_cWritten by Steve Parker
260 _aLondon :
_bDK Publishing, Inc. ,
_c1989.
300 _a72 pages :
_bcolor illustrations ;
_c28 cm .
490 _aDK Eyewitness Guides
_v15
520 _aBrief text and photos introduce the animal inhabitants of the seashore, including fish, crustaceans, snails, and shorebirds.
650 _aEyewitness Books
_vNon-fiction
650 _aSeashore biology
_vNon-fiction
942 _2ddc
_cBK
_n0
999 _c8001
_d8001